[Event "SRB-chT Central"]
[Site "Kragujevac"]
[Date "2013.09.18"]
[Round "7.5"]
[White "Djordjevic, Vuk D"]
[Black "Trickovic, Vladimir"]
[Result "1-0"]
[WhiteElo "2123"]
[BlackElo "2078"]
[PlyCount "47"]
[EventDate "2013.09.14"]
[EventType "team-tourn"]
[EventRounds "11"]
[EventCountry "SRB"]
[SourceTitle "CBM 156 Extra"]
[Source "ChessBase"]
[SourceDate "2013.10.22"]
[SourceVersion "1"]
[SourceVersionDate "2013.10.22"]
[SourceQuality "1"]
[WhiteTeam "Paracin"]
[BlackTeam "Leskovac Glubocica"]
[WhiteTeamCountry "SRB"]
[BlackTeamCountry "SRB"]

1. e4 c5 2. Nc3 d6 3. f4 Nc6 4. Nf3 g6 5. Bc4 e6 6. 0-0 Bg7 7. d3 Nge7 8. Qe1 Na5 9. Bb5+ Nec6 10. Be3 a6 11. Bxc6+ Nxc6 12. Qf2 b6 13. Rad1 d5 14. d4 c4 15. Ne5 Ne7 16. f5 exf5 17. exf5 gxf5 18. Qf3 h5 19. Nxc4 Be6 20. Ne5 f4 21. Qxf4 Bh6 22. Qf2 Bxe3 23. Qxe3 Nf5 24. Rxf5 1-0

[Event "SRB-chT2 East CS"]
[Site "Serbia"]
[Date "2011.10.14"]
[Round "8.35"]
[White "Milosavljevic, Milica"]
[Black "Trickovic, Vladimir"]
[Result "0-1"]
[WhiteElo "1896"]
[BlackElo "2123"]
[PlyCount "68"]
[EventDate "2011.09.11"]
[EventType "team"]
[EventRounds "11"]
[EventCountry "SRB"]
[SourceTitle "EXT 2015"]
[Source "ChessBase"]
[SourceDate "2014.11.20"]
[SourceVersion "1"]
[SourceVersionDate "2014.11.20"]
[SourceQuality "1"]

1. c4 Nf6 2. Nc3 e5 3. g3 d6 4. Bg2 c6 5. e4 Nbd7 6. Nge2 Be7 7. 0-0 Nb6 8. d3 0-0 9. f4 Ng4 10. h3 Nf6 11. Be3 Re8 12. Qd2 Bf8 13. Rf2 exf4 14. Nxf4 Be6 15. Raf1 Rc8 16. Bd4 Be7 17. b3 Bd7 18. Qd1 Be6 19. Nxe6 fxe6 20. e5 dxe5 21. Bxe5 Nbd7 22. Bd4 Nc5 23. Bxf6 Bxf6 24. Rxf6 gxf6 25. d4 Nd7 26. Ne4 Qe7 27. Qg4+ Kh8 28. Qf4 e5 29. dxe5 fxe5 30. Qh6 Rf8 31. Rd1 Nf6 32. Nd6 Rcd8 33. Bf3 Rxd6 34. Rf1 Qg7 0-1

[Event "Nis op"]
[Site "Nis"]
[Date "2011.06.02"]
[Round "9"]
[White "Trickovic, Vladimir"]
[Black "Livaja, Mario"]
[Result "0-1"]
[WhiteElo "2127"]
[BlackElo "2252"]
[PlyCount "96"]
[EventDate "2011.05.24"]
[EventType "swiss"]
[EventRounds "9"]
[EventCountry "SRB"]
[SourceTitle "CBM 142 Extra"]
[Source "ChessBase"]
[SourceDate "2011.06.27"]
[SourceVersion "1"]
[SourceVersionDate "2011.06.27"]
[SourceQuality "1"]

1. d4 Nf6 2. Bf4 d5 3. e3 e6 4. Nf3 Bd6 5. Ne5 0-0 6. Nd2 c5 7. c3 Nc6 8. Qf3 Qc7 9. Nxc6 Bxf4 10. Qxf4 Qxc6 11. Bd3 Bd7 12. 0-0 Qb6 13. Rab1 Bb5 14. Bxb5 Qxb5 15. dxc5 Qxc5 16. e4 Rac8 17. Rfc1 Qa5 18. e5 Nd7 19. b4 Qc7 20. Nf3 Qc4 21. Qd4 a6 22. Nd2 Qc7 23. Nf3 b5 24. Rb2 Qb8 25. Re2 Rc4 26. Qd3 Rfc8 27. a3 Qc7 28. Re3 h6 29. h3 a5 30. Kh2 axb4 31. axb4 d4 32. Re4 Rxc3 33. Rxc3 dxc3 34. Qc2 Nb6 35. Nd4 Qd7 36. Nb3 Qd5 37. Nc5 Na4 38. Re3 Qc4 39. Re4 Qd5 40. Re3 Rc7 41. g3 Qc4 42. Re4 Qf1 43. Nd3 Rd7 44. Re3 g6 45. Rf3 Rd4 46. Re3 Rd5 47. Re2 Nb2 48. Ne1 Rd1 0-1

[Event "Nis op"]
[Site "Nis"]
[Date "2011.05.27"]
[Round "4"]
[White "Markovic, Marko"]
[Black "Trickovic, Vladimir"]
[Result "1/2-1/2"]
[WhiteElo "2303"]
[BlackElo "2127"]
[PlyCount "39"]
[EventDate "2011.05.24"]
[EventType "swiss"]
[EventRounds "9"]
[EventCountry "SRB"]
[SourceTitle "CBM 142 Extra"]
[Source "ChessBase"]
[SourceDate "2011.06.27"]
[SourceVersion "1"]
[SourceVersionDate "2011.06.27"]
[SourceQuality "1"]

1. c4 Nf6 2. Nc3 e5 3. e4 d6 4. g3 Nc6 5. Bg2 Bg4 6. f3 Be6 7. d3 Qd7 8. Be3 h5 9. h3 g6 10. Nge2 Bg7 11. Qd2 Nh7 12. 0-0-0 Nd4 13. Kb1 c5 14. f4 f6 15. fxe5 fxe5 16. Nd5 Rb8 17. Nxd4 exd4 18. Bh6 b5 19. Bxg7 Qxg7 20. cxb5 1/2-1/2

[Event "Nis op"]
[Site "Nis"]
[Date "2011.05.26"]
[Round "3"]
[White "Trickovic, Vladimir"]
[Black "Stojanovic, Ivan M"]
[Result "1-0"]
[WhiteElo "2127"]
[BlackElo "1879"]
[PlyCount "65"]
[EventDate "2011.05.24"]
[EventType "swiss"]
[EventRounds "9"]
[EventCountry "SRB"]
[SourceTitle "CBM 142 Extra"]
[Source "ChessBase"]
[SourceDate "2011.06.27"]
[SourceVersion "1"]
[SourceVersionDate "2011.06.27"]
[SourceQuality "1"]

1. d4 Nf6 2. Bf4 e6 3. e3 c5 4. c3 Qb6 5. Qb3 Nc6 6. Qxb6 axb6 7. Nf3 Be7 8. Nbd2 d5 9. Bd3 c4 10. Bc2 b5 11. a4 b4 12. Ne5 Nd7 13. e4 Ndxe5 14. exd5 exd5 15. dxe5 b3 16. Bd1 Be6 17. g4 b5 18. Bf3 Rxa4 19. Rxa4 bxa4 20. Nxc4 Nd4 21. cxd4 dxc4 22. d5 0-0 23. Bd2 Bd7 24. d6 Bh4 25. 0-0 f6 26. Bd5+ Kh8 27. e6 Bb5 28. Bxc4 Bc6 29. d7 f5 30. g5 Ra8 31. Bd5 Bxd7 32. exd7 Rd8 33. Re1 1-0

[Event "Nis op"]
[Site "Nis"]
[Date "2011.05.25"]
[Round "2"]
[White "Djukic, Zeljko"]
[Black "Trickovic, Vladimir"]
[Result "1-0"]
[WhiteElo "2382"]
[BlackElo "2127"]
[PlyCount "143"]
[EventDate "2011.05.24"]
[EventType "swiss"]
[EventRounds "9"]
[EventCountry "SRB"]
[SourceTitle "CBM 142 Extra"]
[Source "ChessBase"]
[SourceDate "2011.06.27"]
[SourceVersion "1"]
[SourceVersionDate "2011.06.27"]
[SourceQuality "1"]

1. d4 Nf6 2. c4 c5 3. d5 e6 4. Nc3 exd5 5. cxd5 d6 6. Nf3 g6 7. Bf4 a6 8. a4 Bg7 9. h3 0-0 10. e3 Re8 11. Nd2 Nh5 12. Bh2 Be5 13. Bxe5 Rxe5 14. Nc4 Re8 15. Be2 Nf6 16. Qb3 Qc7 17. Qb6 Qxb6 18. Nxb6 Ra7 19. g4 Rd8 20. f4 Nbd7 21. Nc4 Ne8 22. g5 f5 23. h4 b6 24. h5 Rb7 25. Kf2 Nf8 26. Rab1 Bd7 27. Na3 Nc7 28. b4 cxb4 29. Rxb4 b5 30. hxg6 hxg6 31. Nc4 Ne8 32. axb5 axb5 33. Na5 Rc7 34. Nxb5 Bxb5 35. Bxb5 Rb8 36. Rhb1 Rc2+ 37. Kf3 Ra8 38. Bxe8 Rxa5 39. Rb7 Rh2 40. Bf7+ Kh8 41. Kg3 Raa2 42. Rg1 Rh7 43. Re7 Re2 44. Rg2 Re1 45. Rh2 Rg1+ 46. Kf2 Rxh2+ 47. Kxg1 Rb2 48. Kf1 Ra2 49. Be6 Rc2 50. Rf7 Nxe6 51. dxe6 Kg8 52. Rf6 Kg7 53. Rf7+ Kg8 54. Rf6 Kg7 55. e7 Rc8 56. Rxd6 Re8 57. Rd7 Kf7 58. Ke2 Ke6 59. Ra7 Rxe7 60. Rxe7+ Kxe7 61. Kd3 Kd7 62. Kc4 Kc6 63. e4 fxe4 64. f5 Kd6 65. f6 Ke6 66. Kd4 Kf7 67. Kxe4 Ke6 68. Kd4 Kf7 69. Ke5 Kf8 70. Ke6 Ke8 71. f7+ Kf8 72. Kd6 1-0

[Event "SRB-ch U20"]
[Site "Banja Vrujci"]
[Date "2010.07.22"]
[Round "9"]
[White "Stankovic, Milos"]
[Black "Trickovic, Vladimir"]
[Result "1/2-1/2"]
[WhiteElo "2331"]
[BlackElo "2141"]
[PlyCount "123"]
[EventDate "2010.07.16"]
[EventType "tourn"]
[EventRounds "11"]
[EventCountry "SRB"]
[SourceTitle "EXT 2012"]
[Source "ChessBase"]
[SourceDate "2011.11.24"]
[SourceVersion "1"]
[SourceVersionDate "2011.11.24"]
[SourceQuality "1"]

1. e4 c5 2. Nf3 d6 3. d4 cxd4 4. Nxd4 Nf6 5. Nc3 g6 6. Be3 Bg7 7. f3 0-0 8. Qd2 Nc6 9. 0-0-0 Nxd4 10. Bxd4 Be6 11. Kb1 Qc7 12. Nb5 Qc6 13. Be3 Bc4 14. Nd4 Qa6 15. Bxc4 Qxc4 16. g4 Rfc8 17. h4 b5 18. h5 b4 19. hxg6 fxg6 20. Ne2 a5 21. g5 Nh5 22. Qd5+ Qxd5 23. exd5 a4 24. Rh4 Rab8 25. Re4 b3 26. axb3 axb3 27. c3 Rb7 28. Rd3 Rf8 29. Bd2 Ra8 30. Rb4 Rxb4 31. cxb4 Kf7 32. Rxb3 e6 33. Ra3 Rxa3 34. bxa3 exd5 35. Kc2 Ke6 36. Kd3 Kd7 37. b5 Bb2 38. a4 Ng7 39. Nf4 d4 40. a5 Ne8 41. Nd5 Nc7 42. Kc4 Nxd5 43. Kxd5 Bc3 44. a6 Kc7 45. Bf4 d3 46. Bxd6+ Kb6 47. Kc4 d2 48. Bc5+ Kc7 49. Bd6+ Kxd6 50. a7 d1Q 51. a8Q Qd4+ 52. Kb3 Qb4+ 53. Kc2 Qb2+ 54. Kd3 Qxb5+ 55. Kxc3 Qxg5 56. Qb8+ Ke6 57. Qg8+ Kf5 58. Qxh7 Kf4 59. Qb7 Qe5+ 60. Kc4 Qe2+ 61. Kd4 Qd1+ 62. Kc4 1/2-1/2

[Event "SRB-ch U20"]
[Site "Banja Vrujci"]
[Date "2010.07.19"]
[Round "5"]
[White "Cabarkapa, Novak"]
[Black "Trickovic, Vladimir"]
[Result "1-0"]
[WhiteElo "2070"]
[BlackElo "2141"]
[PlyCount "57"]
[EventDate "2010.07.16"]
[EventType "tourn"]
[EventRounds "11"]
[EventCountry "SRB"]
[SourceTitle "EXT 2012"]
[Source "ChessBase"]
[SourceDate "2011.11.24"]
[SourceVersion "1"]
[SourceVersionDate "2011.11.24"]
[SourceQuality "1"]

1. e4 c5 2. Nf3 d6 3. c3 Nf6 4. h3 g6 5. Bd3 Bg7 6. 0-0 0-0 7. Re1 Nfd7 8. Bf1 Qc7 9. d4 cxd4 10. cxd4 a6 11. Nc3 e6 12. a4 h6 13. Bf4 Nc6 14. Rc1 Qb8 15. Qd2 Kh7 16. d5 Nce5 17. Nxe5 Nxe5 18. Bg3 f5 19. dxe6 Bxe6 20. exf5 Bxf5 21. Nd5 Qa7 22. Rc7 Rac8 23. Rec1 Rxc7 24. Rxc7 Rf7 25. Bxe5 Rxc7 26. Bxg7 Rc2 27. Qxh6+ Kg8 28. Qh8+ Kf7 29. Bd4 1-0

[Event "SRB-ch U20"]
[Site "Banja Vrujci"]
[Date "2010.07.17"]
[Round "2"]
[White "Nenezic, Marko"]
[Black "Trickovic, Vladimir"]
[Result "1/2-1/2"]
[WhiteElo "2154"]
[BlackElo "2141"]
[PlyCount "96"]
[EventDate "2010.07.16"]
[EventType "tourn"]
[EventRounds "11"]
[EventCountry "SRB"]
[SourceTitle "EXT 2012"]
[Source "ChessBase"]
[SourceDate "2011.11.24"]
[SourceVersion "1"]
[SourceVersionDate "2011.11.24"]
[SourceQuality "1"]

1. Nf3 Nf6 2. c4 d6 3. g3 Nbd7 4. Bg2 c6 5. 0-0 e5 6. d3 Be7 7. Nc3 0-0 8. Rb1 a5 9. a3 Re8 10. Bg5 Bf8 11. b4 axb4 12. axb4 h6 13. Bxf6 Nxf6 14. b5 d5 15. Nd2 Bf5 16. Qc2 e4 17. dxe4 Nxe4 18. Ndxe4 dxe4 19. Rfd1 Qe7 20. e3 Bg4 21. Rd4 f5 22. h3 Bh5 23. Ne2 Ra3 24. bxc6 bxc6 25. g4 fxg4 26. hxg4 Bxg4 27. Rxe4 Qd7 28. Rxe8 Qxe8 29. Nf4 Bc5 30. Qe4 Qxe4 31. Bxe4 Rxe3 32. fxe3 Bxe3+ 33. Kg2 Bxf4 34. Bxc6 Kf7 35. Bd5+ Kf6 36. Re1 h5 37. c5 h4 38. c6 g5 39. Re8 h3+ 40. Kh1 Bd6 41. Re1 Bf5 42. Re8 g4 43. Re1 g3 44. Bf3 Kg5 45. Rc1 Kf4 46. Bd5 Bc7 47. Rf1+ Ke5 48. Bf3 Bg4 1/2-1/2

[Event "Nis City-ch"]
[Site "Nis"]
[Date "2010.05.29"]
[Round "6"]
[White "Trickovic, Vladimir"]
[Black "Milovanovic, Srboljub"]
[Result "1-0"]
[WhiteElo "2114"]
[BlackElo "2223"]
[PlyCount "119"]
[EventDate "2010.05.25"]
[EventType "swiss"]
[EventRounds "9"]
[EventCountry "YUG"]
[SourceTitle "CBM 136 Extra"]
[Source "ChessBase"]
[SourceDate "2010.07.02"]
[SourceVersion "2"]
[SourceVersionDate "2010.07.15"]
[SourceQuality "1"]

1. d4 Nf6 2. Bg5 d5 3. e3 c5 4. c3 Qb6 5. Qb3 c4 6. Qxb6 axb6 7. Nd2 b5 8. a3 Bf5 9. f3 e6 10. Rc1 Nc6 11. Bxf6 gxf6 12. g3 Bg6 13. e4 Bh6 14. Bg2 b4 15. axb4 Ra2 16. f4 Bxe4 17. Nxe4 dxe4 18. Bxe4 e5 19. Bxc6+ bxc6 20. Rb1 exf4 21. gxf4 Bxf4 22. Nf3 Rg8 23. Kf2 Kd7 24. Rhe1 Re8 25. Rxe8 Kxe8 26. h3 Ke7 27. Nh4 Bg5 28. Nf5+ Ke6 29. Ne3 Bxe3+ 30. Kxe3 f5 31. Kf4 Kf6 32. h4 Ra8 33. Re1 Rg8 34. Re5 Rg4+ 35. Kf3 Rxh4 36. Rc5 Kg5 37. Rxc6 Rh3+ 38. Kg2 Rd3 39. Rxc4 f4 40. d5 Rd2+ 41. Kf3 Rd3+ 42. Ke2 Re3+ 43. Kf2 Kg4 44. d6 Rf3+ 45. Ke1 Re3+ 46. Kd2 Re8 47. d7 Rd8 48. Rd4 h5 49. c4 h4 50. c5 h3 51. c6 h2 52. c7 h1Q 53. cxd8Q Qg2+ 54. Kc3 Qf3+ 55. Rd3 Qc6+ 56. Kd2 Qg2+ 57. Kc1 Qc6+ 58. Rc3 Qh1+ 59. Kc2 Qe4+ 60. Kb3 1-0

[Event "Nis op"]
[Site "Nis"]
[Date "2009.03.25"]
[Round "1"]
[White "Trickovic, Vladimir"]
[Black "Raicevic, Ivica"]
[Result "1-0"]
[WhiteElo "1987"]
[BlackElo "2318"]
[PlyCount "111"]
[EventDate "2009.03.25"]
[EventType "swiss"]
[EventRounds "9"]
[EventCountry "YUG"]
[SourceTitle "CBM 129 Extra"]
[Source "ChessBase"]
[SourceDate "2009.05.05"]
[SourceVersion "2"]
[SourceVersionDate "2009.05.20"]
[SourceQuality "1"]

1. d4 e6 2. c3 c5 3. Bf4 cxd4 4. cxd4 Qb6 5. Qd2 Nf6 6. Nc3 Nc6 7. e3 Bb4 8. Bd3 Nh5 9. Bg3 Be7 10. Nge2 f5 11. Rc1 d5 12. Nf4 Nxg3 13. hxg3 0-0 14. Qe2 g6 15. g4 Bd6 16. g3 Nb4 17. Bb1 Qa6 18. Qd1 Bxf4 19. gxf4 Bd7 20. a3 Nc6 21. gxf5 exf5 22. Nxd5 Be6 23. Nc3 Ne7 24. Qa4 Qd6 25. Ba2 a6 26. Qb4 Qd7 27. Bxe6+ Qxe6 28. Ne2 Qd7 29. Qc4+ Kg7 30. Qc7 Rad8 31. Qxd7 Rxd7 32. Kd2 Nd5 33. Nc3 Nf6 34. f3 Re8 35. Rhe1 Re6 36. Kd3 Red6 37. Na4 Nd5 38. Nc3 Nf6 39. a4 Rb6 40. Rc2 Rb4 41. Ra1 Rd6 42. a5 b5 43. axb6 Rdxb6 44. Na4 Rb7 45. Nc5 R7b6 46. b3 a5 47. Rca2 Rb8 48. Rxa5 Re8 49. Ra8 Rbb8 50. Rxb8 Rxb8 51. e4 Re8 52. d5 Nh5 53. Ke3 Rc8 54. d6 Nf6 55. d7 Nxd7 56. Nxd7 1-0

[Event "SRB-chT2 East"]
[Site "Golubac"]
[Date "2008.10.18"]
[Round "10.5"]
[White "Stojanovic, Jovica M"]
[Black "Trickovic, Vladimir"]
[Result "1/2-1/2"]
[WhiteElo "1934"]
[BlackElo "1946"]
[PlyCount "33"]
[EventDate "2008.09.14"]
[EventType "team"]
[EventRounds "11"]
[EventCountry "SRB"]
[SourceTitle "EXT 2012"]
[Source "ChessBase"]
[SourceDate "2011.11.24"]
[SourceVersion "1"]
[SourceVersionDate "2011.11.24"]
[SourceQuality "1"]

1. e4 c5 2. Nf3 d6 3. g3 g6 4. Bg2 Bg7 5. 0-0 Nc6 6. c3 e5 7. d3 Nge7 8. Nbd2 0-0 9. a3 a5 10. a4 h6 11. Nc4 Kh7 12. Be3 f5 13. Qd2 Be6 14. Na3 Qd7 15. h4 Rad8 16. Nb5 Rf7 17. Nh2 1/2-1/2

[Event "SRB-chT2 East"]
[Site "Golubac"]
[Date "2008.10.17"]
[Round "7.2"]
[White "Lazic, Milan Z"]
[Black "Trickovic, Vladimir"]
[Result "0-1"]
[WhiteElo "2094"]
[BlackElo "1946"]
[PlyCount "120"]
[EventDate "2008.09.14"]
[EventType "team"]
[EventRounds "11"]
[EventCountry "SRB"]
[SourceTitle "EXT 2012"]
[Source "ChessBase"]
[SourceDate "2011.11.24"]
[SourceVersion "1"]
[SourceVersionDate "2011.11.24"]
[SourceQuality "1"]

1. e4 c5 2. Nf3 d6 3. d4 cxd4 4. Nxd4 Nf6 5. Nc3 g6 6. Bc4 Bg7 7. 0-0 0-0 8. Kh1 Qb6 9. Nb3 Ng4 10. Qe1 Nc6 11. Nd5 Qd8 12. h3 Nf6 13. f4 a6 14. a4 e6 15. Nxf6+ Bxf6 16. Qf2 Qc7 17. Be3 Bxb2 18. Bb6 Qe7 19. Rad1 Nb8 20. Rd3 Nd7 21. Ba5 Ba3 22. Bc3 Nc5 23. Nxc5 Bxc5 24. Qg3 f5 25. exf5 Rxf5 26. Qf3 d5 27. Bb3 Bd7 28. Qe2 Bc6 29. g4 Rf7 30. Kh2 Bd6 31. Be5 Bxe5 32. Qxe5 Qf6 33. Re3 Qxe5 34. Rxe5 Re8 35. Kg3 Kg7 36. Rfe1 Ref8 37. Rf1 Bd7 38. c4 dxc4 39. Bxc4 Bxa4 40. Bxe6 Re7 41. Rb1 Bc6 42. h4 Rfe8 43. f5 gxf5 44. gxf5 Kf6 45. Kf4 Rd8 46. Rb4 Rd1 47. Rc5 Rf1+ 48. Ke3 Rf3+ 49. Ke2 Rh3 50. Rf4 Rg7 51. Bd5 Re7+ 52. Be6 Rc7 53. Kd2 Rh2+ 54. Kc3 Rh3+ 55. Kd2 Rg7 56. Bc4 Rg2+ 57. Ke1 Rh1+ 58. Rf1 Rxf1+ 59. Kxf1 Rh2 60. Bxa6 Rxh4 0-1

[Event "SRB-chT3 South"]
[Site "Serbia"]
[Date "2007.??.??"]
[Round "3"]
[White "Trickovic, Vladimir"]
[Black "Velickovic, Slobodan"]
[Result "1-0"]
[WhiteElo "1942"]
[BlackElo "2130"]
[PlyCount "55"]
[EventDate "2007.09.02"]
[EventType "team"]
[EventRounds "11"]
[EventCountry "SRB"]
[SourceTitle "EXT 2012"]
[Source "ChessBase"]
[SourceDate "2011.11.24"]
[SourceVersion "1"]
[SourceVersionDate "2011.11.24"]
[SourceQuality "1"]
[WhiteTeam "Nis Ekonomist"]
[BlackTeam "Nis Centar"]
[WhiteTeamCountry "SRB"]
[BlackTeamCountry "SRB"]

1. e4 e5 2. Nf3 Nc6 3. Bb5 a6 4. Bxc6 dxc6 5. d4 exd4 6. Qxd4 Qxd4 7. Nxd4 Nf6 8. f3 Be7 9. Be3 0-0 10. Nd2 Re8 11. 0-0-0 c5 12. Ne2 Bf8 13. Bf4 Re7 14. Nc3 Ne8 15. Nd5 Rd7 16. Nc4 f6 17. Ncb6 Rxd5 18. Nxd5 Bd6 19. Bxd6 cxd6 20. Nb6 Rb8 21. Nc4 d5 22. exd5 b5 23. d6 Bd7 24. Nd2 f5 25. Rhe1 Nf6 26. Nb3 Rc8 27. Re5 c4 28. Nc5 1-0